000 00857nam a22002171 4500
001 179612
003 ES-MaACL
005 20250730024617.0
008 111226s1917 sp |||| | spa d
100 1 _aLoste Echeto, Lorenzo.
_974289
245 1 3 _aLa mortalidad infantil
_b: causas que determinan su excesiva proporción: medios de disminuirla /
_cpor Lorenzo Loste.
260 _aMadrid :
_bSociedad Española de Higiene,
_c1917.
300 _a56 p. ;
_c21 cm.
490 1 _aLegado Roel: Colección de Memorias Premiadas ;
_vn. 21
500 _aConcurso de 1916-1917.
650 4 _aNiños-
_xMortalidad.
_9136600
710 2 _aSociedad Española de Higiene.
_96725
830 0 0 _aLegado Roel: Colección de memorias premiadas
_vn. 21
_9183286
852 _aES-MaACL
_jC-8171(16)
_z.- Encuadernado con otras obras
999 _c179612
_d179612